000 00652nam a22001817a 4500
003 UA-OsUOA
001 15670
007 ta
008 20031201b un ||||| |||| 00| 0 ukr d
100 _aТубіна С.
942 _cSA
040 _aUA-OsUOA
_cUA-OsUOA
_dUA-OsUOA
245 _aУ Сновидовичах "не сплять", а діла вершать
_b[Про роботу Сновидовицької сільської ради Рокитнів. р-ну]
300 _aС.2
955 _a0
773 0 _w0
_tВісті Рівненщини
_dРівне
_d2003
_g№93/12 листоп./
650 7 _aКраєзнавча робота
_2UDC
999 _c301835
_d301835